Epic Rap Battles of History - Statistics

General Stats
  • This quiz has been taken 56 times
  • The average score is 80 of 186
Answer Stats
No. Hint Answer % Correct
2 | 16 | 34 Nazi Adolf Hitler
97%
2 | 16 | 34 Sci-Fi Darth Vader
87%
39 | 64 Politics Donald Trump
83%
23 Politics Barack Obama
77%
3 | 23 | 64 Politics Abraham Lincoln
73%
7 Science Albert Einstein
70%
29 Peace Martin Luther King Jr.
70%
64 Politics Hillary Clinton
67%
33 Politics Joseph Stalin
67%
1 Music John Lennon
63%
23 Politics Mitt Romney
63%
21 Technology Bill Gates
60%
52 TV Bill S. Preston
60%
25 Film Bruce Lee
60%
29 Peace Mahatma Gandhi
60%
19 Music Michael Jackson
60%
38 Sport Michael Jordan
60%
15 | 69 YouTube Nice Peter
60%
21 Technology Steve Jobs
60%
30 Inventor Thomas Edison
60%
33 Politics Vladimir Lenin
60%
1 Politics Bill O'Reilly
57%
3 Martial Arts Chuck Norris
57%
15 | 69 YouTube EpicLLOYD
57%
42 Author Stephen King
57%
33 Politics Vladimir Putin
57%
31 Sport Babe Ruth
53%
14 Exploration Christopher Columbus
53%
24 Sci-Fi Dr. Who
53%
44 Politics George Washington
53%
33 Politics Grigori Rasputin
53%
6 Music Justin Bieber
53%
4 Music Lady Gaga
53%
31 Sport Lance Armstrong
53%
6 Music Ludwig van Beethoven
53%
18 Game Luigi
53%
18 Game Mario
53%
27 Bible Moses
53%
55 Philosophy Socrates
53%
7 Science Stephen Hawking
53%
52 TV Ted Logan
53%
67 Sport Tony Hawk
53%
32 Music Wolfgang Mozart
53%
48 Mythology Zeus
53%
36 War Joan of Arc
50%
33 Politics Mikhail Gorbachev
50%
36 Music Miley Cyrus
50%
30 Inventor Nikola Tesla
50%
4 Politics Sarah Palin
50%
32 Music Sonny John Moore
50%
51 Film Steven Spielberg
50%
48 Mythology Thor
50%
28 Bible Adam
47%
51 Film Alfred Hitchcock
47%
19 Music Elvis Presley
47%
28 Bible Eve
47%
43 Science Isaac Newton
47%
49 Criminal Jack the Ripper
47%
56 War Julius Caesar
47%
39 Fantasy Kanye West
47%
45 Artist Leonardo Da Vinci
47%
45 TV Michelangelo
47%
18 Inventor Orville Wright
47%
27 Fantasy Santa Claus
47%
18 Inventor Wilbur Wright
47%
10 Science Benjamin Franklin
43%
43 Science Bill Nye
43%
14 Sci-Fi Captain Kirk
43%
55 Philosophy Confucius
43%
45 TV Donatello
43%
42 Author Edgar Allan Poe
43%
8 War Genghis Khan
43%
49 Criminal Hannibal Lecter
43%
55 Philosophy Laozi
43%
45 TV Leonardo
43%
38 Sport Muhammad Ali
43%
9 Politics Napoleon Bonaparte
43%
45 TV Raphael
43%
60 Politics Thomas Jefferson
43%
52 Exploration William Clark
43%
68 Politics Winston Churchill
43%
20 War Cleopatra
40%
55 Philosophy Francois-Marie Arouet
40%
59 Chef Gordon Ramsey
40%
5 Sports Hulk Hogan
40%
58 Author J.R.R. Tolkien
40%
5 Politics Kim Jong Il
40%
52 Exploration Meriwether Lewis
40%
9 Film Napoleon Dynamite
40%
45 Artist Raffaello Sanzio da Urbino
40%
55 Philosophy Sun Tzu
40%
41 Film Superman
40%
68 Politics Theodore Roosevelt
40%
12 Author William Shakespeare
40%
37 Art Bob Ross
37%
47 Criminal Bonnie Elizabeth Parker
37%
47 Criminal Clyde Champion Barrow
37%
53 Magic David Copperfield
37%
45 Artist Donato di Niccolo di Betto Bardi
37%
8 Fantasy Easter Bunny
37%
39 Literature Ebeneezer Scrooge
37%
35 Criminal Edward Teach
37%
13 TV Fred Rogers
37%
58 Author George R.R. Martin
37%
53 Magic Harry Houdini
37%
47 Film Juliet Capulet
37%
13 TV Laurence Tureaud
37%
17 Game Master Chief
37%
51 Film Michael Bay
37%
37 Art Pablo Picasso
37%
47 Film Romeo Montague
37%
56 War Shaka Zulu
37%
11 Sci-Fi Albus Dumbledore
33%
63 War Alexander III
33%
35 Criminal Alphonse Gabriel Capone
33%
26 Film Batman
33%
10 TV Billy Mays
33%
55 Philosophy Friedrich Wilhelm Nietzsche
33%
11 Sci-Fi Gandalf
33%
39 Fantasy J.P. Morgan
33%
17 War Leonidas
33%
20 Film Marilyn Monroe
33%
43 Science Neil Degrasse Tyson
33%
51 Film Stanley Kubrick
33%
46 Film Stay Puft Marshmallow Man
33%
12 Author Theodore Seuss Geisel
33%
46 TV Adam Savage
30%
66 Sci-Fi Diana Prince
30%
41 TV Goku
30%
62 Sci-Fi Hulk
30%
59 Chef Julia Child
30%
5 Sports Macho Man Randy Savage
30%
51 Film Quentin Tarantino
30%
26 Film Sherlock Holmes
30%
67 Sport Wayne Gretzky
30%
46 Film Egon Spengler
27%
24 Sci-Fi Emmett Brown
27%
22 Music Freddie Mercury
27%
60 Activist Frederick Douglass
27%
63 Music Frederick II
27%
46 TV Grant Imahara
27%
63 War Ivan IV Vasilyevich
27%
46 TV Jamie Hyneman
27%
46 TV Kari Byron
27%
50 TV Oprah Winfrey
27%
46 Film Peter Venkman
27%
46 Film Raymond Stantz
27%
66 Music Stevie Wonder
27%
46 TV Tory Belleci
27%
40 TV Walter White
27%
46 Film Winston Zeddemore
27%
62 Sci-Fi Bruce Banner
23%
62 Sport Bruce Jenner
23%
62 Sport Caitlyn Jenner
23%
63 War Catherine II
23%
65 Science Charles Darwin
23%
25 Film Clint Eastwood
23%
22 Music Frank Sinatra
23%
39 Fantasy Ghost of Christmas Yet to Come
23%
26 Film John H. Watson
23%
26 Film Robin
23%
52 TV Rufus
23%
44 War William Wallace
23%
65 Sci-Fi Ash Ketchum
20%
50 TV Ellen DeGeneres
20%
63 War Gnaeus Pompeius Magnus
20%
57 TV James Maury Henson
20%
45 Artist Michelangelo di Lodovico Buonarroti Simoni
20%
40 TV Rick Grimes
20%
57 Film Walter Elias Disney
20%
57 Film Stanley Martin Lieber
17%
54 Film Robocop
13%
54 Film Terminator
13%
61 Film Austin Powers
10%
61 Film James Bond
10%
No matching quizzes found
Score Distribution
Percent of People with Each Score
Percentile by Number Answered
Your Score History
You have not taken this quiz